| 000 | 00559nam a2200205Ia 4500 | ||
|---|---|---|---|
| 003 | OSt | ||
| 005 | 20230516121828.0 | ||
| 008 | 210423s2004 xx 000 0 und d | ||
| 020 | _a471499196 | ||
| 040 | _cAL | ||
| 041 | _aeng | ||
| 082 |
_a574.87322 _223 _bRAPR |
||
| 100 |
_aRAPLEY (Ralph);HARBRON (Stuart),Ed. _9105176 |
||
| 245 | _aMolecular analysis and genome discovery. | ||
| 260 |
_aEngland _bJohn Wiley & Sons _c2004 |
||
| 300 |
_axv,372 _bPB |
||
| 365 |
_b1467 _cINR |
||
| 906 | _aanalysis ; discovery. ; genome ; Molecular | ||
| 942 |
_2ddc _cBK |
||
| 999 |
_c164468 _d164468 |
||